000 01272cam a2200361 4500
008 090401t1998 xxu||||| |||| 00| 0 eng d
020 _a0854068694
035 _a(Sirsi) u84819
041 _aeng
050 _a346.4104343
110 _aRoyal Institution of Chartered Surveyors
_94900
245 _aChanging lease structures in commercial property markets : a study of the impact of changing business patterns on the property market.
260 _aLondon
_bRICS
_c1998
300 _a51p. ; 30cm.
350 _a9.95
490 _aRight Space: Right Price
_v2
520 _aOne of six working papers for the Right Space: Right Price research project. A report for the RICS by the University of Reading and DTZ Debenham Thorpe.
650 _aCOMMERCIAL LEASES
650 _aPROPERTY-COMMERCIAL PROPERTY
650 _aINSTITUTIONAL LEASES
650 _aINTERNATIONAL LEASING STRUCTURES
650 _aLEASE STRUCTURES
650 _aPROPERTY MARKET
650 _aRENT REVIEWS
650 _aUPWARD ONLY RENT REVIEWS
690 _aLANDLORD AND TENANT-BUSINESS TENANCIES
700 _aCrosby, Neil
700 _aMurdoch, Sandi
710 _aUniversity of Reading
_93273
710 _aDTZ Debenham Thorpe
_92895
942 _n0
948 _c12/03/1998
999 _c96980
_d96980